000 00434nam a2200181Ia 4500
001 7798
005 20260306160522.0
008 260306t1980||||xx |||||||||||||| ||spa||
041 _aESP
082 _a362.29
_bG83
100 _aBrigada Central de Estupefacientes
_eAUT
245 0 _aLa droga en la edad escolar
260 _c1980
300 _a100 páginas :
_ccm.
650 _aGEN
654 _aCPS
942 _cLIB
_dJUS
_fJUS
_2ddc
_n
999 _c7798
_d7798